Statistics for Geography by Letter - C

Click here to take the quiz!

General Stats

  • This quiz has been taken 112,513 times
  • The average score is 16 of 24

Answer Stats

HintAnswer% Correct
Capital of DenmarkCopenhagen
94%
India's most popular sportCricket
90%
Most populous city in northern AfricaCairo
85%
Country in the BalkansCroatia
83%
Island divided between
Turkish and Greek factions
Cyprus
83%
City near the southern tip of AfricaCape Town
79%
Capital of WalesCardiff
76%
World's biggest inland seaCaspian Sea
76%
City on the Riviera with a famous film festivalCannes
75%
Country where Khmer is the official languageCambodia
73%
Former name of KolkataCalcutta
71%
Southern Chinese dialectCantonese
68%
River that flows through the Grand CanyonColorado
68%
Obama's hometownChicago
67%
Island of the Minoan CivilizationCrete
65%
Island where Napoleon was bornCorsica
61%
Peninsula that juts into the Black Sea,
seized by Russia
Crimea
60%
French city closest to BritainCalais
58%
Major city in AlbertaCalgary
53%
Resort city on the Yucatan peninsulaCancun
52%
Ancient city near modern-day TunisCarthage
48%
Most populous Native American tribeCherokee
47%
The Christian community of EgyptCopts
42%
Louisiana ethnic group of Acadian FrenchCajuns
39%

Score Distribution

Percentile by Number Answered

Percent of People with Each Score

Your Score History

You have not taken this quiz